| Tag |
First Indicator |
Second Indicator |
Subfields |
| LEADER |
00000cam a2200000 a 4500 |
| 001 |
in00001075821 |
| 005 |
20150929105009.0 |
| 008 |
850607s1985 nyua b 001 0 eng |
| 010 |
|
|
|a 85012273
|
| 020 |
|
|
|a 0306420813
|
| 035 |
|
|
|a (OCoLC)12189630
|
| 035 |
|
|
|9 AFQ0117AM
|
| 040 |
|
|
|a DLC
|c DLC
|d OCL
|d UtOrBLW
|
| 049 |
|
|
|a TXAM
|
| 050 |
0 |
0 |
|a JS91
|b .S76 1985
|
| 082 |
0 |
|
|a 352/.00724
|2 19
|
| 245 |
0 |
0 |
|a Strengthening urban management :
|b international perspectives and issues /
|c edited by Thomas L. Blair.
|
| 264 |
|
1 |
|a New York :
|b Plenum Press,
|c [1985]
|
| 264 |
|
4 |
|c ©1985
|
| 300 |
|
|
|a ix, 358 pages :
|b illustrations ;
|c 24 cm.
|
| 336 |
|
|
|a text
|b txt
|2 rdacontent
|
| 337 |
|
|
|a unmediated
|b n
|2 rdamedia
|
| 338 |
|
|
|a volume
|b nc
|2 rdacarrier
|
| 490 |
1 |
|
|a Urban innovation abroad
|
| 500 |
|
|
|a "Published in cooperation with the International Union of Local Authorities, The Hague, Netherlands."
|
| 504 |
|
|
|a Bibliography: pages 299-348.
|
| 500 |
|
|
|a Includes index.
|
| 650 |
|
0 |
|a Municipal government.
|
| 650 |
|
0 |
|a Municipal services.
|
| 650 |
|
0 |
|a Municipal finance.
|
| 650 |
|
0 |
|a City planning.
|
| 700 |
1 |
|
|a Blair, Thomas Lucien Vincent.
|
| 710 |
2 |
|
|a International Union of Local Authorities.
|
| 830 |
|
0 |
|a Urban innovation abroad (New York, N.Y.)
|
| 999 |
|
|
|a MARS
|
| 999 |
f |
f |
|s 747e97fe-8d36-3378-859b-9ef96f4707f9
|i 5b7a21c6-1ca8-36e1-9554-c3bdc3a0e63f
|t 0
|
| 952 |
f |
f |
|p ric
|a Texas A&M University
|b Rellis Campus
|c Joint Library Facility
|d Remote Storage
|t 0
|e JS91 .S76 1985
|h Library of Congress classification
|i unmediated -- volume
|m A14816217060
|
| 998 |
f |
f |
|a JS91 .S76 1985
|t 0
|l Remote Storage
|